Library of the University of Algiers 3
Ibrahim Sultan Cheibout
شعار جامعة الجزائر 3
مكتبة جامعة الجزائر 3
إبراهيم سلطان شيبوط

التشريعات المالية والمصرفية في الأردن / (رقم التسجيلة. 44349)

تفاصيل مارك
000 -LEADER
fixed length control field 01802nam a2200277Ia 4500
003 - CONTROL NUMBER IDENTIFIER
control field Ost
005 - DATE AND TIME OF LATEST TRANSACTION
control field 20260507075408.0
008 - FIXED-LENGTH DATA ELEMENTS--GENERAL INFORMATION
fixed length control field 260507s9999||||xx |||||||||||||| ||und||
020 ## - INTERNATIONAL STANDARD BOOK NUMBER
International Standard Book Number 3264119957
040 ## - CATALOGING SOURCE
Transcribing agency fsecg
041 ## - LANGUAGE CODE
Language code of text/sound track or separate title ara
082 ## - DEWEY DECIMAL CLASSIFICATION NUMBER
Classification number 340
100 ## - MAIN ENTRY--PERSONAL NAME
Personal name الطراد، إسماعيل إبراهيم
Relator term مؤلف
245 #0 - TITLE STATEMENT
Title التشريعات المالية والمصرفية في الأردن /
Statement of responsibility, etc. إسماعيل إبراهيم الطراد
250 ## - EDITION STATEMENT
Edition statement طبعة 4
260 ## - PUBLICATION, DISTRIBUTION, ETC.
Place of publication, distribution, etc. عمان:
Name of publisher, distributor, etc. دار وائل للنشر والتوزيع,
Date of publication, distribution, etc. 2009
300 ## - PHYSICAL DESCRIPTION
Extent 340 صفحة؛
Other physical details إيضاحات ؛
Dimensions 24 سم
504 ## - BIBLIOGRAPHY, ETC. NOTE
Bibliography, etc. note المراجع ص.329
520 ## - SUMMARY, ETC.
Summary, etc. يضم قانون البنك المركزي الأردني، قانون البنوك والودائع المصرفية، الحساب الجاري، الإعتمادات المستندية، خطاب الضمان وبطاقات الإئتمان، الخصم وايجار الخزائن الحديدية، قانون الدين العام، قانون مراقبة العملة الأجنبية، قانون مراقبة أعمال الصرافة، قانون تشجيع الإستثمار، الجوانب القانونية لعمل هيئة الأوراق المالية والبورصة ومركز ايداع الأوراق المالية، الأوراق والأدوات المالية المتداولة في البورصة، قوانين مؤسسات الأقراص المتخصصة، قوانين مؤسسات ضمان المخاطر المتعلقة بالعمل المصرفي
653 ## - INDEX TERM--UNCONTROLLED
Uncontrolled term البنوك
653 ## - INDEX TERM--UNCONTROLLED
Uncontrolled term التشريع
653 ## - INDEX TERM--UNCONTROLLED
Uncontrolled term التشريعات -الأردن
653 ## - INDEX TERM--UNCONTROLLED
Uncontrolled term المالية العامة
700 ## - ADDED ENTRY--PERSONAL NAME
Personal name عباد، جمعة محمود
Relator term مؤلف ثانوي
942 ## - ADDED ENTRY ELEMENTS (KOHA)
Koha item type كتب
المقتنيات
Withdrawn status Lost status Source of classification or shelving scheme Damaged status Not for loan Home library Current library Date acquired Serial enumeration / chronology Inventory number Total checkouts Full call number Barcode Date last seen Price effective from Koha item type
    Dewey Decimal Classification   NOT LOAN / إعارة داخلية مكتبة كلية العلوم الإقتصادية والعلوم التجارية وعلوم التسيير مكتبة كلية العلوم الإقتصادية والعلوم التجارية وعلوم التسيير 07/05/2026 الطابق الأرضي 26789   أ/4412ن1 26789 07/05/2026 07/05/2026 كتب
    Dewey Decimal Classification   Available مكتبة كلية العلوم الإقتصادية والعلوم التجارية وعلوم التسيير مكتبة كلية العلوم الإقتصادية والعلوم التجارية وعلوم التسيير 07/05/2026 الطابق الأرضي 26790   أ/4412ن2 26790 07/05/2026 07/05/2026 كتب
    Dewey Decimal Classification   Available مكتبة كلية العلوم الإقتصادية والعلوم التجارية وعلوم التسيير مكتبة كلية العلوم الإقتصادية والعلوم التجارية وعلوم التسيير 07/05/2026 الطابق الثاني 26791   أ/4412ن3 26791 07/05/2026 07/05/2026 كتب

موارد الويب المفتوحة


© University of Algiers 3 All Rights Reserved
|
Implemented by LECHELAH Riad